Dictionary of archaeological terms : English-Spanish/Spanish-English = Vocabulario de conceptos arqueológicos : Inglés-Español/Español-Inglés /

This concise dictionary is intended to be helpful in the reading of archaeological books and publications from the Palaeolithic to the Middle Ages, and in the writing of papers and articles in both English and Spanish. The aim of this work is to help, in particular, students and on-site archaeologis...

وصف كامل

محفوظ في:

المؤلفون الرئيسيون: Salazar García, Domingo Carlos (مؤلف), Moreno Martín, Andrea (مؤلف)

التنسيق: كتاب الكتروني

اللغة: English
Spanish

منشور في: Oxford : Archaeopress, 2011.

الموضوعات:

الوصول للمادة أونلاين: Login to view Source

الوسوم: إضافة وسم

لا توجد وسوم, كن أول من يضع وسما على هذه التسجيلة!

رقم الطلب: CC70

LEADER 02186nam a2200421 i 4500
001 EDZ0002773303
003 StDuBDS
005 20230412182501.0
006 m|||||o||d||||||||
007 cr |||||||||||
008 220527s2011 enk fo 000|0|eng|d
020 |a 9781789691658 (ePub ebook) :  |c No price 
040 |a StDuBDS  |b eng  |c StDuBDS  |e rda  |e pn 
041 0 |a eng  |a spa 
050 4 |a CC70 
082 0 4 |a 930.103  |2 23 
100 1 |a Salazar García, Domingo Carlos,  |e author. 
245 1 0 |a Dictionary of archaeological terms :  |b English-Spanish/Spanish-English = Vocabulario de conceptos arqueológicos : Inglés-Español/Español-Inglés /  |c Domingo Carlos Salazar García & Andrea Moreno Martín. 
246 3 1 |a Vocabulario de conceptos arqueológicos 
264 1 |a Oxford :  |b Archaeopress,  |c 2011. 
300 |a 1 online resource (144 pages) 
336 |a text  |2 rdacontent 
337 |a computer  |2 rdamedia 
338 |a online resource  |2 rdacarrier 
500 |a Also issued in print: 2011. 
520 8 |a This concise dictionary is intended to be helpful in the reading of archaeological books and publications from the Palaeolithic to the Middle Ages, and in the writing of papers and articles in both English and Spanish. The aim of this work is to help, in particular, students and on-site archaeologists to find quickly a word relating to a specific period, a specific area or a research field, in a book easy to carry everywhere. But this dictionary is also intended for everyone fond of archaeology, from prehistory to the Middle Ages. 
521 |a Specialized. 
588 |a Description based on print version record. 
650 0 |a Archaeology  |v Dictionaries. 
650 0 |a English language  |v Dictionaries  |x Spanish. 
650 0 |a Archaeology  |v Dictionaries  |x Spanish. 
650 0 |a Spanish language  |v Dictionaries  |x English. 
700 1 |a Moreno Martín, Andrea,  |e author. 
776 0 8 |i Print version :  |z 9781905739479 
856 4 0 |3 Archaeopress  |u http://library.arce.org:8087/Archaeopress/Products/9781905739479 
942 |2 lcc  |c EBOOK 
952 |0 0  |1 0  |4 0  |6 CC0070  |7 1  |9 46533  |a ARCH  |b ARCH  |d 2023-04-12  |l 0  |o CC70  |r 2023-04-12 00:00:00  |w 2023-04-12  |y EBOOK 
999 |c 52191  |d 52191